| 000 | 00595nam a2200193Ia 4500 | ||
|---|---|---|---|
| 008 | 130821s1948 sp gr spa | ||
| 040 |
_aCo-BoUCM _bspa |
||
| 041 | _aspa | ||
| 100 | 1 |
_aOhlin, Bertil _9113429 |
|
| 245 | 1 | 0 |
_aComercio exterior y política comercial _cBertil Ohlin |
| 260 |
_aMadrid (España) _bAguilar _c1948 |
||
| 300 | _a321 páginas | ||
| 500 | _aDonacion Dr. Álvaro Daza | ||
| 650 | 0 | 4 |
_aBalanza de pagos _99904 |
| 650 | 0 | 4 |
_aComercio internacional _911207 |
| 650 | 0 | 4 |
_aComercio _911192 |
| 942 |
_cLIBRO _a7 _e1 _mO45 _2DEWEY _h382 _n0 |
||
| 999 |
_c10257 _d10257 |
||